The sustainable development strategy (Record no. 103995)

MARC details
000 -LEADER
fixed length control field 01162cam a2200229 4500
008 - FIXED-LENGTH DATA ELEMENTS--GENERAL INFORMATION
fixed length control field 050207n2004 000 0 eng u
035 ## - SYSTEM CONTROL NUMBER
System control number (Sirsi) u128718
041 ## - LANGUAGE CODE
Language code of text/sound track or separate title eng
050 ## - LIBRARY OF CONGRESS CALL NUMBER
Classification number 333.72
-- 18
100 ## - MAIN ENTRY--PERSONAL NAME
Personal name House of Commons Environmental Audit Committee
245 #4 - TITLE STATEMENT
Title The sustainable development strategy
Remainder of title illusion or reality?
260 ## - PUBLICATION, DISTRIBUTION, ETC.
Place of publication, distribution, etc. London
Name of publisher, distributor, etc. House of Commons Environmental Audit Committee
Date of publication, distribution, etc. 2004
490 ## - SERIES STATEMENT
Series statement Environmental Audit
Volume/sequential designation 13th report
520 ## - SUMMARY, ETC.
Summary, etc. The report addresses the concept of sustainable development and is intended to make a fundamental contribution to the development of a new Sustainable Development Strategy, which must place overriding importance on the need to abide by environmental limits and must have a primarily environmental focus. View the report at www.publications.parliament.uk.
650 ## - SUBJECT ADDED ENTRY--TOPICAL TERM
Topical term or geographic name entry element SUSTAINABLE DEVELOPMENT
650 ## - SUBJECT ADDED ENTRY--TOPICAL TERM
Topical term or geographic name entry element ENERGY
9 (RLIN) 6237
650 ## - SUBJECT ADDED ENTRY--TOPICAL TERM
Topical term or geographic name entry element ECONOMIC GROWTH
650 ## - SUBJECT ADDED ENTRY--TOPICAL TERM
Topical term or geographic name entry element GOVERNMENT DEPARTMENTS
690 ## - LOCAL SUBJECT ADDED ENTRY--TOPICAL TERM (OCLC, RLIN)
Topical term or geographic name as entry element Environment
9 (RLIN) 6238
856 ## - ELECTRONIC LOCATION AND ACCESS
Uniform Resource Identifier <a href="https://www.publications.parliament.uk/pa/cm200304/cmselect/cmenvaud/624/62402.htm">https://www.publications.parliament.uk/pa/cm200304/cmselect/cmenvaud/624/62402.htm</a>
Public note View this report on the Parliament website...
942 ## - ADDED ENTRY ELEMENTS (KOHA)
Suppress in OPAC 0
Holdings
Withdrawn status Lost status Source of classification or shelving scheme Damaged status Not for loan Home library Current library Shelving location Date acquired Total Checkouts Full call number Barcode Date last seen Copy number Price effective from Koha item type
    Dewey Decimal Classification     Virtual Virtual Online 07/02/2005   ONLINE PUBLICATIONS 128718-2001 06/08/2019 1 06/08/2019 Book